| 000 | 00602nam a22002177a 4500 | ||
|---|---|---|---|
| 005 | 20250116160824.0 | ||
| 010 | _aENG-143503 | ||
| 020 |
_a9789387162242 _c555.00 |
||
| 035 | _aEN-127035 | ||
| 037 | _bDBAD | ||
| 082 | _a611 | ||
| 100 |
_aMitra, samar _976692 |
||
| 245 |
_aAnatomy; _cSuperior inferior abdomen/ _bBy samar mitra |
||
| 260 |
_aKolkata _bacademic publishers _c2019 |
||
| 270 |
_a5A bhawani dutta lane, _bKolkata _e700073 |
||
| 300 |
_a474 p. _c24cm.(Pb) |
||
| 490 | _a8 | ||
| 500 | _aAnatomy | ||
| 700 |
_aSamar mitra _976691 |
||
| 942 |
_2ddc _cEN _h611 _mMit _e8 |
||
| 999 |
_c208562 _d208562 |
||